| 000 | 00757nam a2200277Ia 4500 | ||
|---|---|---|---|
| 003 | OSt | ||
| 005 | 20220926020848.0 | ||
| 006 | a|||||r|||| 00| 0 | ||
| 007 | ta | ||
| 008 | 220923b |||||||| |||| 00| 0 eng d | ||
| 020 | _a9780387715988 | ||
| 037 | _cGeneral Book | ||
| 040 |
_aRTL _cRTL _beng |
||
| 041 |
_2eng _aeng |
||
| 082 | _aX: (B2814), P7 | ||
| 100 |
_aRobert Christian P _9325274 |
||
| 245 | 0 | _aBayesian choice | |
| 250 | _a2 | ||
| 260 |
_aNew York _bSpringer Science+Business _c2007 |
||
| 300 |
_axxiv, 602p _ccm. |
||
| 490 | _aSpringer Texts in Statistics | ||
| 500 | _aBibliography: P531-578 | ||
| 650 | _aEconomics | ||
| 942 |
_hX: (B2814), P7 _cGB _2CC |
||
| 999 |
_c635134 _d635134 |
||